000 00438pab a2200157 454500
008 180718b2006 xxu||||| |||| 00| 0 eng d
100 _aZimmermann-Steinhart, Petra
245 _aConflict management in the Federal Republic Germany
260 _c2006
300 _ap.8-29.
650 _aConflict resolutions - Germany
650 _aConflict resolutions
773 _aIndian Journal of Federal Studies
908 _aN
909 _a73030
999 _c73030
_d73030